[Event "ENCI Limburg-open B"]
[Site "Maastricht"]
[Date "2010.05.22"]
[Round "2"]
[White "Tjong-Akiet, Raf"]
[Black "Porteman, Eric"]
[Result "0-1"]
[WhiteElo "1772"]
[BlackElo "1931"]
[PlyCount "102"]
[EventDate "2010.05.21"]
[EventType "swiss"]
[EventRounds "7"]
[EventCountry "NED"]
[Source "P.Boonen"]
[SourceDate "2010.10.01"]

1. d4 Nf6 2. Nf3 c5 3. d5 e6 4. Nc3 a6 5. a4 d6 6. e4 Be7 7. Be2 O-O 8. O-O Qc7
9. h3 b6 10. Bf4 e5 11. Be3 Ne8 12. g4 Bd7 13. Qd2 Qc8 14. Nh2 Nc7 15. f4 f6
16. f5 Qe8 17. Nf3 b5 18. axb5 Nxb5 19. Nxb5 Bxb5 20. c4 Bd7 21. h4 Bd8 22. g5
Kh8 23. Kf2 a5 24. Rg1 g6 25. h5 gxf5 26. g6 Rg8 27. Bh6 hxg6 28. hxg6 f4 29.
Nh4 f5 30. Nxf5 Bxf5 31. exf5 Bh4+ 32. Kf1 Qd7 33. Bg4 Bg3 34. Rh1 Rxg6 35.
Bg7+ Kg8 36. f6 Rxg4 37. Rh8+ Kf7 38. Rf8+ Kg6 39. Rxa5 Rxa5 40. Qxa5 Qf5 41.
Qd2 Qb1+ 42. Ke2 Be1 43. Qd3+ Qxd3+ 44. Kxd3 Nd7 45. Rg8 Rg3+ 46. Ke2 Re3+ 47.
Kf1 Nxf6 48. Bxf6+ Kxf6 49. Re8 Kf5 50. Re6 Bg3 51. Rxd6 f3 0-1

[Event "ENCI Limburg-open B"]
[Site "Maastricht"]
[Date "2010.05.22"]
[Round "2"]
[White "Van Asseldonk, Paul"]
[Black "Gullentops, Nathan"]
[Result "1-0"]
[WhiteElo "2027"]
[BlackElo "1790"]
[PlyCount "91"]
[EventDate "2010.05.21"]
[EventType "swiss"]
[EventRounds "7"]
[EventCountry "NED"]
[Source "P.Boonen"]
[SourceDate "2010.10.01"]

1. e4 e6 2. d4 d5 3. Nd2 c5 4. exd5 exd5 5. Ngf3 Nf6 6. Be2 Nc6 7. O-O Bd6 8.
dxc5 Bxc5 9. Nb3 Bb6 10. Bg5 Be6 11. a4 a6 12. Nbd4 O-O 13. c3 h6 14. Bh4 Bc7
15. b4 Ne5 16. Nxe5 Bxe5 17. f4 Bb8 18. Qd3 Ba7 19. Kh1 Rc8 20. Bd1 Re8 21. Rc1
Bd7 22. Bb3 Bxd4 23. Qxd4 Bc6 24. Bc2 Qd6 25. Bxf6 Qxf6 26. Qd3 g6 27. b5 axb5
28. f5 bxa4 29. fxg6 Qxg6 30. Qh3 Qg5 31. Rcd1 Rcd8 32. Rf5 Qg7 33. Rf3 Re5 34.
Rdf1 Rd7 35. Bf5 Rde7 36. Rg3 Qxg3 37. Qxg3+ Kh8 38. Qf4 Kg7 39. h4 a3 40. Bd3
a2 41. Qf6+ Kg8 42. Qxh6 Rd7 43. Bh7+ Kh8 44. Bg6+ Kg8 45. Qh7+ Kf8 46. Rxf7+
1-0

[Event "ENCI Limburg-open B"]
[Site "Maastricht"]
[Date "2010.05.22"]
[Round "2"]
[White "Van Herck, Rob"]
[Black "Jurrius, Theo"]
[Result "0-1"]
[WhiteElo "1809"]
[BlackElo "2016"]
[PlyCount "68"]
[EventDate "2010.05.21"]
[EventType "swiss"]
[EventRounds "7"]
[EventCountry "NED"]
[Source "P.Boonen"]
[SourceDate "2010.10.01"]

1. e4 e5 2. Nf3 f5 3. Bc4 fxe4 4. Nxe5 d5 5. Qh5+ g6 6. Nxg6 hxg6 7. Qxh8 Kf7
8. Qd4 Be6 9. Bxd5 Qxd5 10. Qxd5 Bxd5 11. Nc3 Bc6 12. O-O Nd7 13. d4 exd3 14.
cxd3 Bd6 15. d4 Ne7 16. Be3 Nf6 17. Rad1 Ned5 18. Rfe1 b5 19. Rc1 Nxc3 20. bxc3
Bd5 21. a4 c6 22. f3 Bc4 23. axb5 cxb5 24. Ra1 a5 25. d5 Nxd5 26. Bd4 a4 27.
Re4 Be7 28. h4 a3 29. h5 gxh5 30. Re5 h4 31. Rh5 Kg6 32. g4 hxg3 33. Rh3 Bd6
34. Re1 a2 0-1

[Event "ENCI Limburg-open B"]
[Site "Maastricht"]
[Date "2010.05.22"]
[Round "2"]
[White "Van Meegen, Ruud"]
[Black "Van Liempt, Michael"]
[Result "1/2-1/2"]
[WhiteElo "1956"]
[BlackElo "1747"]
[PlyCount "54"]
[EventDate "2010.05.21"]
[EventType "swiss"]
[EventRounds "7"]
[EventCountry "NED"]
[Source "P.Boonen"]
[SourceDate "2010.10.01"]

1. e4 c5 2. Nf3 Nc6 3. d4 cxd4 4. Nxd4 g6 5. Nc3 Bg7 6. Be3 Nf6 7. Bc4 O-O 8.
Bb3 a5 9. a4 Ng4 10. Nxc6 Nxe3 11. Nxd8 Bxc3+ 12. bxc3 Nxd1 13. Bxf7+ Kg7 14.
Rxd1 e6 15. Bxe6 dxe6 16. e5 Ra6 17. O-O Rb6 18. Rd2 Re8 19. Rfd1 Kf8 20. Rd4
Rb2 21. Rc4 Bd7 22. Rf4+ Kg8 23. g3 Rxd8 24. Rfd4 b5 25. axb5 Rxb5 26. Rxd7
Rxd7 27. Rxd7 Rxe5 1/2-1/2

[Event "ENCI Limburg-open B"]
[Site "Maastricht"]
[Date "2010.05.22"]
[Round "2"]
[White "Vansteenkiste, Luc"]
[Black "Hill, Nick"]
[Result "1-0"]
[WhiteElo "1854"]
[BlackElo "1773"]
[PlyCount "65"]
[EventDate "2010.05.21"]
[EventType "swiss"]
[EventRounds "7"]
[EventCountry "NED"]
[Source "P.Boonen"]
[SourceDate "2010.10.01"]

1. d4 d5 2. e4 e6 3. Be3 dxe4 4. Nd2 Nf6 5. f3 exf3 6. Ngxf3 Bd6 7. Bd3 b6 8.
Qe2 Bb7 9. Bg5 Be7 10. c3 Nbd7 11. h4 Nd5 12. Qf2 h6 13. Bxe7 Qxe7 14. O-O-O
O-O-O 15. c4 N5f6 16. Qe2 Nh5 17. Qf2 Nhf6 18. Kb1 c5 19. Nb3 cxd4 20. Nbxd4
Qc5 21. Qe2 Rhe8 22. Nb3 Qh5 23. Rc1 Nc5 24. Nxc5 Qxc5 25. Ka1 Ng4 26. Be4 Qe3
27. Bxb7+ Kxb7 28. Qc2 Qd3 29. Qa4 Qd7 30. Qb4 Qd6 31. c5 Qg3 32. c6+ Kc7 33.
Qa4 {.....} 1-0

[Event "ENCI Limburg-open B"]
[Site "Maastricht"]
[Date "2010.05.22"]
[Round "2"]
[White "Van den Born, Ico"]
[Black "Mohamedjoesoef, Rafiek"]
[Result "1/2-1/2"]
[WhiteElo "1898"]
[BlackElo "1795"]
[PlyCount "83"]
[EventDate "2010.05.21"]
[EventType "swiss"]
[EventRounds "7"]
[EventCountry "NED"]
[Source "P.Boonen"]
[SourceDate "2010.10.01"]

1. c4 Nf6 2. g3 e6 3. Bg2 d5 4. d4 Be7 5. Nc3 O-O 6. cxd5 exd5 7. Nf3 b6 8. O-O
Bb7 9. Qb3 Nbd7 10. Rd1 c5 11. dxc5 Nxc5 12. Qc2 Rc8 13. Bh3 Rb8 14. Bf4 Bd6
15. Bxd6 Qxd6 16. Nd4 Rfe8 17. f3 Qe7 18. Nf5 Qe5 19. Qd2 Rbd8 20. b4 Ne6 21.
f4 Qb8 22. Nd4 a6 23. Bxe6 fxe6 24. b5 e5 25. fxe5 Qxe5 26. bxa6 Ba8 27. Rab1
Ng4 28. Rb5 Ne3 29. Rc1 Qh5 30. Nd1 Ng4 31. h4 Qe5 32. Qf4 Qxf4 33. gxf4 Re4
34. e3 Nxe3 35. Nxe3 Rxd4 36. Rxb6 Rxf4 37. a7 d4 38. Rb8 Rff8 39. Nf5 Rxb8 40.
axb8=Q Rxb8 41. Nxd4 Kf7 42. Rc7+ 1/2-1/2

[Event "ENCI Limburg-open B"]
[Site "Maastricht"]
[Date "2010.05.22"]
[Round "2"]
[White "Whitmire, James David"]
[Black "Cox, Jan"]
[Result "1-0"]
[WhiteElo "1957"]
[BlackElo "1854"]
[PlyCount "97"]
[EventDate "2010.05.21"]
[EventType "swiss"]
[EventRounds "7"]
[EventCountry "NED"]
[Source "P.Boonen"]
[SourceDate "2010.10.01"]

1. e4 e5 2. d4 exd4 3. Qxd4 Nc6 4. Qe3 Nf6 5. Nc3 Bb4 6. Bd2 O-O 7. O-O-O Re8
8. Bc4 Bxc3 9. Bxc3 Nxe4 10. Qf4 Nf6 11. Nf3 d6 12. Rhe1 Be6 13. Bd3 Nd5 14.
Qd2 Nxc3 15. Qxc3 Qf6 16. Qxf6 gxf6 17. Re4 Ne5 18. Rf4 Kg7 19. Nd4 Ng6 20.
Nf5+ Kf8 21. Rb4 Ne5 22. Ne3 Nxd3+ 23. Rxd3 b6 24. Kd2 Rad8 25. Ng4 Bxg4 26.
Rxg4 Re5 27. f4 Re4 28. Rdg3 Rde8 29. Kd3 f5 30. Rh4 c5 31. Rxh7 Rd4+ 32. Kc3
Ree4 33. b3 b5 34. Rgg7 Re7 35. g3 Ke8 36. Rg8+ Kd7 37. Rf8 b4+ 38. Kb2 Ke6 39.
Rh6+ Kd7 40. Rf6 Re1 41. R6xf7+ Kc6 42. Rc8+ Kb6 43. Rb8+ Ka6 44. a3 Rdd1 45.
axb4 Rb1+ 46. Kc3 Re3+ 47. Kd2 Rbe1 48. b5+ Ka5 49. Rxa7+ 1-0

[Event "ENCI Limburg-open B"]
[Site "Maastricht"]
[Date "2010.05.22"]
[Round "2"]
[White "Zegstroo, Martin"]
[Black "Keetman, Maaike"]
[Result "1-0"]
[WhiteElo "1861"]
[BlackElo "1738"]
[PlyCount "125"]
[EventDate "2010.05.21"]
[EventType "swiss"]
[EventRounds "7"]
[EventCountry "NED"]
[Source "P.Boonen"]
[SourceDate "2010.10.01"]

1. e4 d5 2. exd5 Nf6 3. Bb5+ Bd7 4. Bc4 Bg4 5. f3 Bf5 6. Nc3 Nbd7 7. Nge2 Nb6
8. Bb5+ Bd7 9. Bxd7+ Qxd7 10. O-O Nbxd5 11. d4 e6 12. Ne4 Be7 13. c4 Nb6 14. b3
O-O 15. Bb2 Rfd8 16. Qc2 Qc8 17. Rad1 c5 18. Ba3 Nbd7 19. d5 exd5 20. cxd5 b6
21. d6 Bf8 22. Bb2 Ne8 23. N2g3 g6 24. Rd5 Qc6 25. Rfd1 Rac8 26. Qd2 Bg7 27.
Bxg7 Nxg7 28. Qg5 Ne6 29. Qg4 Kh8 30. Ng5 Nf6 31. Nxf7+ Kg7 32. Qxe6 Re8 33.
Nf5+ gxf5 34. Qxf5 Nxd5 35. Rxd5 Rf8 36. d7 Rb8 37. d8=Q Rbxd8 38. Rxd8 Rxf7
39. Qe5+ Qf6 40. Qxf6+ Kxf6 41. Kf2 Re7 42. g3 Kf5 43. Rd5+ Ke6 44. Rd2 Kf5 45.
h3 Kg5 46. Rd5+ Kf6 47. f4 Rg7 48. g4 Ke6 49. Rd1 Rf7 50. Kf3 h6 51. h4 Rg7 52.
g5 hxg5 53. hxg5 Kf5 54. Rd5+ Ke6 55. Re5+ Kf7 56. Kg4 Rg6 57. Rd5 Ke7 58. f5
Rg8 59. g6 Kf6 60. Rd6+ Ke7 61. Re6+ Kf8 62. Kg5 b5 63. Rc6 1-0

[Event "ENCI Limburg-open B"]
[Site "Maastricht"]
[Date "2010.05.22"]
[Round "3"]
[White "Beeren, Thom"]
[Black "Frijns, Raoul"]
[Result "0-1"]
[WhiteElo "1858"]
[BlackElo "1729"]
[PlyCount "72"]
[EventDate "2010.05.21"]
[EventType "swiss"]
[EventRounds "7"]
[EventCountry "NED"]
[Source "P.Boonen"]
[SourceDate "2010.10.01"]

1. e4 c5 2. Nf3 Nc6 3. d4 cxd4 4. Nxd4 Nf6 5. Nc3 e5 6. Ndb5 d6 7. Nd5 Nxd5 8.
exd5 Nb8 9. c4 Be7 10. f4 Nd7 11. Bd3 a6 12. Nc3 O-O 13. f5 Nc5 14. Bc2 Re8 15.
O-O Rb8 16. a4 Bg5 17. Qh5 h6 18. b4 Nd7 19. Bxg5 hxg5 20. f6 Nxf6 21. Rxf6
Qxf6 22. Rf1 g6 23. Rxf6 gxh5 24. Rxd6 Kg7 25. c5 f5 26. a5 e4 27. Na4 f4 28.
Nb6 g4 29. Bd1 Bf5 30. c6 bxc6 31. dxc6 Rbd8 32. Rxd8 Rxd8 33. Be2 f3 34. c7
Rd2 35. Bxa6 e3 36. gxf3 gxf3 0-1

[Event "ENCI Limburg-open B"]
[Site "Maastricht"]
[Date "2010.05.22"]
[Round "3"]
[White "Begri, Felix"]
[Black "Mohamedjoesoef, Rafiek"]
[Result "0-1"]
[WhiteElo "1905"]
[BlackElo "1795"]
[PlyCount "82"]
[EventDate "2010.05.21"]
[EventType "swiss"]
[EventRounds "7"]
[EventCountry "NED"]
[Source "P.Boonen"]
[SourceDate "2010.10.01"]

1. d4 Nf6 2. c4 e6 3. Nf3 d5 4. g3 Be7 5. Bg2 O-O 6. O-O b6 7. cxd5 exd5 8. Nc3
Bb7 9. Bg5 h6 10. Bxf6 Bxf6 11. Qb3 c6 12. Rad1 Nd7 13. Rfe1 Qc7 14. e4 dxe4
15. Nxe4 Rfe8 16. Rc1 Qb8 17. Nxf6+ Nxf6 18. Ne5 Qc7 19. Bxc6 Bxc6 20. Rxc6 Qb7
21. Rec1 Re7 22. Nxf7 Rxf7 23. d5 Rd8 24. d6 Kh8 25. Qe6 Rfd7 26. g4 a5 27. g5
hxg5 28. R1c3 Ng8 29. Rh3+ Nh6 30. Rxh6+ gxh6 31. Qxh6+ Kg8 32. Qg6+ Rg7 33.
Qe6+ Qf7 34. Qg4 Qd5 35. Rxb6 Rxd6 36. Qc8+ Rd8 37. Qc3 Qxa2 38. b3 Qb1+ 39.
Kg2 Qe4+ 40. f3 Qd5 41. Kg3 Re8 0-1

[Event "ENCI Limburg-open B"]
[Site "Maastricht"]
[Date "2010.05.22"]
[Round "3"]
[White "Bieberle, Gerhart"]
[Black "Mueller, Sven"]
[Result "1-0"]
[WhiteElo "1947"]
[BlackElo "1855"]
[PlyCount "89"]
[EventDate "2010.05.21"]
[EventType "swiss"]
[EventRounds "7"]
[EventCountry "NED"]
[Source "P.Boonen"]
[SourceDate "2010.10.01"]

1. d4 d5 2. e3 Nf6 3. c4 c6 4. Nc3 Bf5 5. Nf3 e6 6. a3 a5 7. Qb3 Qc7 8. cxd5
exd5 9. Bd2 Bd6 10. Rc1 Nbd7 11. Nb5 Qb8 12. Nxd6+ Qxd6 13. Qxb7 Rb8 14. Qxc6
Qxc6 15. Rxc6 O-O 16. Bc3 Ne4 17. Nd2 Nxc3 18. bxc3 Rfc8 19. Rxc8+ Rxc8 20. Bb5
Rxc3 21. O-O Rxa3 22. h3 Kf8 23. g4 Be6 24. Nf3 Rb3 25. Ba4 Rb4 26. Ra1 Nb6 27.
Bc6 Nc4 28. Ne1 Ke7 29. Nd3 Rb6 30. Ba4 h5 31. Bd1 Kd6 32. Kg2 hxg4 33. hxg4 f6
34. Be2 Kc6 35. Nc5 Bc8 36. Kg3 Rb5 37. Bd3 Kb6 38. Kf4 Rb4 39. g5 Nb2 40. gxf6
gxf6 41. Bf5 Ba6 42. Nd7+ Kb5 43. Nxf6 Bb7 44. Nd7 Kc4 45. Rxa5 1-0

[Event "ENCI Limburg-open B"]
[Site "Maastricht"]
[Date "2010.05.22"]
[Round "3"]
[White "Broekhuis, Jan"]
[Black "Tjong-Akiet, Raf"]
[Result "1/2-1/2"]
[WhiteElo "1866"]
[BlackElo "1772"]
[PlyCount "32"]
[EventDate "2010.05.21"]
[EventType "swiss"]
[EventRounds "7"]
[EventCountry "NED"]
[Source "P.Boonen"]
[SourceDate "2010.10.01"]

1. e4 e6 2. d4 d5 3. e5 c5 4. c3 Qb6 5. Nf3 Nc6 6. a3 c4 7. b3 cxb3 8. Bb2 Na5
9. Nbd2 Bd7 10. Rc1 Ba4 11. c4 Ne7 12. cxd5 Nxd5 13. Nc4 Qd8 14. Nfd2 b5 15.
Nxa5 Qxa5 16. Qf3 Be7 1/2-1/2

[Event "ENCI Limburg-open B"]
[Site "Maastricht"]
[Date "2010.05.22"]
[Round "3"]
[White "Broekmeulen, Joris"]
[Black "Gunther, Justin"]
[Result "0-1"]
[WhiteElo "1864"]
[BlackElo "1996"]
[PlyCount "48"]
[EventDate "2010.05.21"]
[EventType "swiss"]
[EventRounds "7"]
[EventCountry "NED"]
[Source "P.Boonen"]
[SourceDate "2010.10.01"]

1. e4 c5 2. Nf3 d6 3. Nc3 Nf6 4. Bb5+ Bd7 5. Bxd7+ Qxd7 6. O-O e6 7. d3 Nc6 8.
Re1 Be7 9. Bg5 O-O 10. Qd2 Rfc8 11. e5 dxe5 12. Nxe5 Nxe5 13. Rxe5 c4 14. dxc4
Qxd2 15. Bxd2 Rxc4 16. Re2 Rd8 17. Kf1 Bb4 18. f3 Bxc3 19. Bxc3 Nd5 20. Be5 f6
21. Bg3 Rxc2 22. Rxc2 Ne3+ 23. Ke2 Nxc2 24. Bf2 Nxa1 0-1

[Event "ENCI Limburg-open B"]
[Site "Maastricht"]
[Date "2010.05.22"]
[Round "3"]
[White "Camps, Jeroen"]
[Black "Van Herck, Raf"]
[Result "1-0"]
[WhiteElo "1849"]
[BlackElo "1683"]
[PlyCount "33"]
[EventDate "2010.05.21"]
[EventType "swiss"]
[EventRounds "7"]
[EventCountry "NED"]
[Source "P.Boonen"]
[SourceDate "2010.10.01"]

1. e4 c5 2. c3 d5 3. exd5 Qxd5 4. d4 cxd4 5. cxd4 Nc6 6. Nf3 Bg4 7. Nc3 Qd7 8.
Be3 Nf6 9. d5 Bxf3 10. gxf3 O-O-O 11. dxc6 Qxc6 12. Bh3+ e6 13. Qe2 Bb4 14. O-O
Kb8 15. Rac1 Bxc3 16. Rxc3 Qd5 17. Ra3 1-0

[Event "ENCI Limburg-open B"]
[Site "Maastricht"]
[Date "2010.05.22"]
[Round "3"]
[White "Capone, Nicola"]
[Black "Verhelst, Henk"]
[Result "1-0"]
[WhiteElo "1852"]
[BlackElo "1710"]
[PlyCount "71"]
[EventDate "2010.05.21"]
[EventType "swiss"]
[EventRounds "7"]
[EventCountry "NED"]
[Source "P.Boonen"]
[SourceDate "2010.10.01"]

1. e4 e6 2. d4 d5 3. Nc3 Bb4 4. e5 c5 5. a3 cxd4 6. Qxd4 Ba5 7. Bd2 Ne7 8. Nf3
Ng6 9. h4 h5 10. O-O-O Nc6 11. Bb5 Bb6 12. Qa4 Bd7 13. Bxc6 bxc6 14. Rhf1 Bc7
15. Rde1 Qb8 16. Qb3 Qd8 17. Na4 Rb8 18. Qc3 O-O 19. Nc5 Qc8 20. Qd3 Bb6 21.
Bb4 Rd8 22. Na6 Ra8 23. Nc5 a5 24. Nxd7 Rxd7 25. Bd6 c5 26. Ng5 c4 27. Qf3 Bd8
28. Qxh5 Bxg5+ 29. hxg5 Nf4 30. Qh2 Ng6 31. Rh1 f5 32. gxf6 Kf7 33. fxg7 Qg8
34. Bf8 Nxf8 35. Qf4+ Kxg7 36. Qf6# 1-0

[Event "ENCI Limburg-open B"]
[Site "Maastricht"]
[Date "2010.05.22"]
[Round "3"]
[White "Coenen, Bert"]
[Black "Kalla, Christian"]
[Result "1/2-1/2"]
[WhiteElo "1844"]
[BlackElo "1968"]
[PlyCount "49"]
[EventDate "2010.05.21"]
[EventType "swiss"]
[EventRounds "7"]
[EventCountry "NED"]
[Source "P.Boonen"]
[SourceDate "2010.10.01"]

1. c4 e5 2. e3 Nf6 3. a3 d5 4. cxd5 Nxd5 5. Qc2 Be7 6. Nf3 Bf6 7. Be2 O-O 8.
O-O Re8 9. d3 Nc6 10. Nbd2 a5 11. Ne4 Be7 12. b3 f5 13. Ned2 Bf6 14. Bb2 Be6
15. Rac1 Bf7 16. Qb1 Qe7 17. Qa1 Rad8 18. Rfd1 f4 19. e4 Nb6 20. Nc4 Nxc4 21.
dxc4 Bg6 22. Bd3 Nd4 23. Nxd4 exd4 24. f3 c5 25. a4 1/2-1/2

[Event "ENCI Limburg-open B"]
[Site "Maastricht"]
[Date "2010.05.22"]
[Round "3"]
[White "De Wit, Albert"]
[Black "Timmermans, Stefan"]
[Result "1/2-1/2"]
[WhiteElo "1955"]
[BlackElo "1865"]
[PlyCount "40"]
[EventDate "2010.05.21"]
[EventType "swiss"]
[EventRounds "7"]
[EventCountry "NED"]
[Source "P.Boonen"]
[SourceDate "2010.10.01"]

1. e4 c5 2. g3 e6 3. d3 Nc6 4. Bg2 Nf6 5. Ne2 d5 6. Nd2 Be7 7. O-O O-O 8. Nf4
dxe4 9. Nxe4 e5 10. Nxf6+ Bxf6 11. Nd5 Be6 12. Nxf6+ Qxf6 13. f4 Rad8 14. f5
Bd5 15. Bh3 c4 16. Qg4 e4 17. dxe4 Qd4+ 18. Rf2 Qxe4 19. Qxe4 Bxe4 20. Be3 Nd4
1/2-1/2

[Event "ENCI Limburg-open B"]
[Site "Maastricht"]
[Date "2010.05.22"]
[Round "3"]
[White "Demarre, Jan"]
[Black "De Ridder, Dieter"]
[Result "0-1"]
[WhiteElo "1783"]
[BlackElo "1965"]
[PlyCount "32"]
[EventDate "2010.05.21"]
[EventType "swiss"]
[EventRounds "7"]
[EventCountry "NED"]
[Source "P.Boonen"]
[SourceDate "2010.10.01"]

1. d4 Nf6 2. Bf4 g6 3. Nf3 Bg7 4. e3 d6 5. c3 Nbd7 6. Nbd2 O-O 7. Bd3 c6 8. Qc2
Re8 9. O-O-O e5 10. Bg5 Qa5 11. Kb1 b5 12. dxe5 dxe5 13. Ne4 Qc7 14. Bxf6 Nxf6
15. Nxf6+ Bxf6 16. h4 e4 0-1

[Event "ENCI Limburg-open B"]
[Site "Maastricht"]
[Date "2010.05.22"]
[Round "3"]
[White "Dittmar, Thomas"]
[Black "Staudte, Rainer"]
[Result "0-1"]
[WhiteElo "1969"]
[BlackElo "1947"]
[PlyCount "94"]
[EventDate "2010.05.21"]
[EventType "swiss"]
[EventRounds "7"]
[EventCountry "NED"]
[Source "P.Boonen"]
[SourceDate "2010.10.01"]

1. d4 Nf6 2. Nf3 d5 3. c4 e6 4. Nc3 Nbd7 5. e3 c6 6. Qc2 Bd6 7. g4 dxc4 8. Bxc4
Nb6 9. Be2 Nfd5 10. Bd2 Nxc3 11. bxc3 Qc7 12. c4 c5 13. Rc1 Nd7 14. h3 b6 15.
d5 exd5 16. cxd5 Bb7 17. Qe4+ Kf8 18. Bc3 Re8 19. Qd3 Ne5 20. Bxe5 Bxe5 21. O-O
h5 22. Nd2 hxg4 23. Bxg4 Bc8 24. f4 Bf6 25. Ne4 Bxg4 26. hxg4 Qd7 27. Nxf6 gxf6
28. f5 Rh3 29. Rce1 Rg3+ 30. Kf2 Rxg4 31. d6 c4 32. Qd5 Re5 33. Qa8+ Qe8 34.
Qf3 Rg5 35. e4 Qc6 36. Rd1 Ke8 37. d7+ Kd8 38. Rh1 Rg8 39. Qg4 Qc5+ 40. Kf1 Rf8
41. Qg7 Rxe4 42. Qxf6+ Qe7 43. Rh8 Rf4+ 44. Kg2 Rg4+ 45. Kf3 Rgg8 46. Qc6 Qa3+
47. Ke4 Rg4+ 0-1

[Event "ENCI Limburg-open B"]
[Site "Maastricht"]
[Date "2010.05.22"]
[Round "3"]
[White "Ducarmon, Renzo"]
[Black "Vansteenkiste, Luc"]
[Result "1-0"]
[WhiteElo "1922"]
[BlackElo "1854"]
[PlyCount "59"]
[EventDate "2010.05.21"]
[EventType "swiss"]
[EventRounds "7"]
[EventCountry "NED"]
[Source "P.Boonen"]
[SourceDate "2010.10.01"]

1. e4 d5 2. exd5 Nf6 3. d4 Bg4 4. Be2 Bxe2 5. Nxe2 Qxd5 6. O-O Nc6 7. Nbc3 Qh5
8. Bf4 O-O-O 9. a4 e5 10. Be3 exd4 11. Nxd4 Qg6 12. Ncb5 Nxd4 13. Bxd4 c5 14.
Nxa7+ Kb8 15. Be5+ Bd6 16. Bxd6+ Kxa7 17. Bxc5+ Kb8 18. Qe1 Nd5 19. c4 Rhe8 20.
Qa5 Nf4 21. Ba7+ Kc8 22. Qc5+ Qc6 23. Qf5+ Ne6 24. b4 g6 25. Qb5 Qe4 26. Rfe1
Qg4 27. Bb6 Rd7 28. Qa5 Rd2 29. Qa8+ Kd7 30. Qxb7+ 1-0

[Event "ENCI Limburg-open B"]
[Site "Maastricht"]
[Date "2010.05.22"]
[Round "3"]
[White "Eijk, Yuri"]
[Black "Moog, Gerhard"]
[Result "1/2-1/2"]
[WhiteElo "1966"]
[BlackElo "1821"]
[PlyCount "102"]
[EventDate "2010.05.21"]
[EventType "swiss"]
[EventRounds "7"]
[EventCountry "NED"]
[Source "P.Boonen"]
[SourceDate "2010.10.01"]

1. d4 Nf6 2. c4 e6 3. g3 d5 4. Bg2 c6 5. Qc2 Nbd7 6. Nf3 b6 7. O-O Bb7 8. Bf4
Rc8 9. Nbd2 Nh5 10. Bg5 Be7 11. Bxe7 Qxe7 12. e4 dxe4 13. Nxe4 O-O 14. c5 Ba8
15. b4 Nhf6 16. Nd6 Rc7 17. Rfe1 Ne8 18. Nc4 g6 19. Nfe5 b5 20. Nd2 f6 21. Nd3
f5 22. Re2 Ng7 23. Rae1 Qf7 24. Nf4 Re8 25. Qb3 Nf8 26. Nf3 h6 27. Ne5 Qf6 28.
a4 g5 29. Nfd3 a6 30. f4 Rd8 31. axb5 axb5 32. Ra1 Bb7 33. Qc3 Ng6 34. Nxg6
Qxg6 35. Ne5 Qe8 36. Qe3 g4 37. Ra7 Rb8 38. Rd2 Rbc8 39. Qa3 Ra8 40. Rxa8 Bxa8
41. Ra2 Bb7 42. Qe3 Qb8 43. Nd3 Rd7 44. Ne5 Rc7 45. Kf2 Qd8 46. Ra7 Qb8 47. Qa3
Ne8 48. Qa2 Ng7 49. Qa5 Ne8 50. Qa2 Ng7 51. Qa5 Ne8 1/2-1/2

[Event "ENCI Limburg-open B"]
[Site "Maastricht"]
[Date "2010.05.22"]
[Round "3"]
[White "Geib, Volker"]
[Black "Roufs, Gerard"]
[Result "1/2-1/2"]
[WhiteElo "1799"]
[BlackElo "1984"]
[PlyCount "74"]
[EventDate "2010.05.21"]
[EventType "swiss"]
[EventRounds "7"]
[EventCountry "NED"]
[Source "P.Boonen"]
[SourceDate "2010.10.01"]

1. e4 c5 2. g3 Nc6 3. Bg2 g6 4. Ne2 Bg7 5. d3 e6 6. c3 Nge7 7. O-O O-O 8. f4 d6
9. Na3 Rb8 10. Nc2 b5 11. Be3 b4 12. d4 bxc3 13. bxc3 cxd4 14. cxd4 d5 15. e5
Ba6 16. Qd2 Na5 17. Rfc1 Nc4 18. Qe1 Rb2 19. Nc3 Qa5 20. Nd1 Qxe1+ 21. Nxe1
Rbb8 22. Bf1 Rb6 23. Nd3 Nf5 24. Bf2 Nd2 25. Be2 Ne4 26. Be3 Rfb8 27. g4 Nxe3
28. Nxe3 Bh6 29. g5 Bf8 30. Rc7 Rb1+ 31. Rxb1 Rxb1+ 32. Kg2 Ra1 33. Rc2 h6 34.
h4 hxg5 35. hxg5 Be7 36. Kf3 Kg7 37. Nf2 Bxe2+ 1/2-1/2

[Event "ENCI Limburg-open B"]
[Site "Maastricht"]
[Date "2010.05.22"]
[Round "3"]
[White "Gendarme, Pierre"]
[Black "Erin, Igor"]
[Result "0-1"]
[WhiteElo "1760"]
[BlackElo "1794"]
[PlyCount "68"]
[EventDate "2010.05.21"]
[EventType "swiss"]
[EventRounds "7"]
[EventCountry "NED"]
[Source "P.Boonen"]
[SourceDate "2010.10.01"]

1. e4 g6 2. d4 Bg7 3. Nc3 d6 4. Bc4 Nf6 5. Nf3 O-O 6. Bg5 Nxe4 7. Nxe4 d5 8.
Bd3 dxe4 9. Bxe4 Nd7 10. c3 Nf6 11. Bd3 Qd5 12. c4 Qe6+ 13. Be2 b6 14. O-O Bb7
15. d5 Qd6 16. Nd4 a6 17. Bh4 Ne4 18. Bf3 Nc5 19. Bg3 e5 20. b4 Nd7 21. Qa4 b5
22. Qa5 bxc4 23. Rac1 Qb6 24. Ne2 Rae8 25. Rxc4 f5 26. Rxc7 Qxa5 27. bxa5 e4
28. Rxb7 exf3 29. Nf4 fxg2 30. Rc1 Ne5 31. Rcc7 Rf7 32. d6 g5 33. Nh5 f4 34.
Nxg7 Kxg7 0-1

[Event "ENCI Limburg-open B"]
[Site "Maastricht"]
[Date "2010.05.22"]
[Round "3"]
[White "Gullentops, Nathan"]
[Black "Van den Born, Ico"]
[Result "1-0"]
[WhiteElo "1790"]
[BlackElo "1898"]
[PlyCount "123"]
[EventDate "2010.05.21"]
[EventType "swiss"]
[EventRounds "7"]
[EventCountry "NED"]
[Source "P.Boonen"]
[SourceDate "2010.10.01"]

1. e4 e6 2. d4 d5 3. e5 c5 4. c3 Qb6 5. Nf3 Nc6 6. a3 a5 7. a4 Bd7 8. Be2 f6 9.
O-O fxe5 10. Nxe5 Nxe5 11. dxe5 Ne7 12. Bd3 O-O-O 13. Qc2 h6 14. Be3 Nc6 15. f4
Be7 16. Bg6 Rhf8 17. Nd2 Kb8 18. Ra3 Qc7 19. g3 Be8 20. Nf3 d4 21. Bf2 c4 22.
Bxe8 d3 23. Qd2 Rfxe8 24. Raa1 g5 25. Be3 g4 26. Ne1 b6 27. Rb1 Na7 28. b3 Bc5
29. bxc4 Nc8 30. Nxd3 Bxe3+ 31. Qxe3 Qxc4 32. Rxb6+ Kc7 33. Nb2 Qd5 34. Rb5 Qa8
35. Rc5+ Kd7 36. Qd3+ Ke7 37. Qh7+ Kf8 38. Qxh6+ Kf7 39. Qf6+ Kg8 40. Rc7 Re7
41. Rxe7 Nxe7 42. Qxe7 Rd2 43. Qxe6+ Kh8 44. Qf6+ Kg8 45. Qg5+ Kf8 46. Qf5+ Ke8
47. Qh5+ Ke7 48. Qh7+ Ke6 49. Qg6+ Ke7 50. Qg7+ Ke6 51. Qxg4+ Ke7 52. Qf3 Qa7+
53. Kh1 Rxb2 54. f5 Qd7 55. f6+ Kf8 56. Qa8+ Kf7 57. e6+ Qxe6 58. Qa7+ Kg6 59.
Qg7+ Kh5 60. g4+ Kh4 61. Qh6+ Kxg4 62. Rf4# 1-0

[Event "ENCI Limburg-open B"]
[Site "Maastricht"]
[Date "2010.05.22"]
[Round "3"]
[White "Gunther, Marcella"]
[Black "Kuck, Ulrich"]
[Result "1/2-1/2"]
[WhiteElo "1881"]
[BlackElo "1951"]
[PlyCount "46"]
[EventDate "2010.05.21"]
[EventType "swiss"]
[EventRounds "7"]
[EventCountry "NED"]
[Source "P.Boonen"]
[SourceDate "2010.10.01"]

1. e4 d5 2. exd5 Nf6 3. d4 Bg4 4. Nf3 Qxd5 5. Be2 Nc6 6. O-O O-O-O 7. c4 Qf5 8.
Be3 e6 9. a3 Bc5 10. Qa4 Bxf3 11. Bxf3 Nxd4 12. Bxd4 Bxd4 13. Nc3 a6 14. Qb4 c6
15. Na4 Qf4 16. Nc5 Bxc5 17. Qxc5 Qd4 18. Qb4 Nd7 19. Rfd1 Qf4 20. Qc3 Ne5 21.
Be2 Ng4 22. Bxg4 Qxg4 23. Qc2 Rxd1+ 1/2-1/2